Polskie kluby - Statystyki

Ogólne statystyki
  • Ten quiz został rozwiązany 59 razy
    39 od ostatniego zresetowania
  • Średni wynik to 68 z 126
Statystyki odpowiedzi
Miasto Nazwa klubu % Poprawnych
Bełchatów GKS Bełchatów
93%
Jastrzębie-Zdrój GKS Jastrzębie-Zdrój
93%
Gdańsk Lechia Gdańsk
93%
Bytom Polonia Bytom
93%
Gdynia Arka Gdynia
90%
Białystok Jagiellonia Białystok
90%
Białystok Jagiellonia II Białystok
90%
Goczałkowice-Zdrój LKS Goczałkowice-Zdrój
90%
Częstochowa Raków Częstochowa
90%
Kraków Cracovia Kraków
87%
Warszawa Legia Warszawa
87%
Elbląg Olimpia Elbląg
87%
Grudziądz Olimpia Grudziądz
87%
Gliwice Piast Gliwice
87%
Chorzów Ruch Chorzów
87%
Brzeg Stal Brzeg
87%
Kraków Wisła Kraków
87%
Bydgoszcz Zawisza Bydgoszcz
87%
Kielce Korona Kielce
83%
Grodzisk Mazowiecki Pogoń Grodzisk Mazowiecki
83%
Chojnice Chojniczanka Chojnice
80%
Głogów Chrobry Głogów
80%
Katowice GKS Katowice
80%
Poznań Lech Poznań
80%
Gorzów Wielkopolski Warta Gorzów Wielkopolski
80%
Zabrze Górnik Zabrze
77%
Łódź ŁKS Łódź
77%
Legnica Miedź Legnica
77%
Lublin Motor Lublin
77%
Bytom Odrzański Odra Bytom Odrzański
77%
Bielsko-Biała Podbeskidzie Bielsko-Biała
77%
Szczecin Pogoń Szczecin
77%
Radom Radomiak Radom
77%
Wrocław Śląsk Wrocław
77%
Łódź Widzew Łódź
77%
Płock Wisła Płock
77%
Łęczna Górnik Łęczna
73%
Kraków Hutnik Kraków
73%
Warszawa Polonia Warszawa
73%
Niepołomice Puszcza Niepołomice
73%
Mielec Stal Mielec
73%
Rzeszów Stal Rzeszów
73%
Poznań Warta Poznań
73%
Lubin Zagłębie Lubin
73%
Sosnowiec Zagłębie Sosnowiec
73%
Kalisz KKS Kalisz
70%
Opole Odra Opole
70%
Stalowa Wola Stal Stalowa Wola
70%
Siedlce Pogoń Siedlce
67%
Nowy Sącz Sandecja Nowy Sącz
67%
Częstochowa Skra Częstochowa
67%
Olsztyn Stomil Olsztyn
67%
Tarnów Unia Tarnów
67%
Pruszków Znicz Pruszków
67%
Toruń Elana Toruń
63%
Tychy GKS Tychy
63%
Kołobrzeg Kotwica Kołobrzeg
63%
Kraków Wieczysta Kraków
63%
Chełm Chełmianka Chełm
60%
Rzeszów Resovia Rzeszów
60%
Suwałki Wigry Suwałki
60%
Bielsko-Biała Rekord Bielsko-Biała
53%
Puławy Wisła Puławy
53%
Dębica Wisłoka Dębica
53%
Stargard Błękitni Stargard
50%
Świnoujście Flota Świnoujście
50%
Słupsk Gryf Słupsk
50%
Łomża ŁKS Łomża
50%
Aleksandrów Łódzki Sokół Aleksandrów Łódzki
50%
Skierniewice Unia Skierniewice
50%
Świdnik Avia Świdnik
47%
Kluczbork MKS Kluczbork
47%
Tarnobrzeg Siarka Tarnobrzeg
47%
Wrocław Ślęza Wrocław
47%
Swarzędz Unia Swarzędz
47%
Radom Broń Radom
43%
Ostrowiec Świętokrzyski KSZO Ostrowiec Świętokrzyski
40%
Zielona Góra Lechia Zielona Góra
40%
Biała Podlaska Podlasie Biała Podlaska
40%
Nowy Dwór Mazowiecki Świt Nowy Dwór Mazowiecki
40%
Gubin Carina Gubin
37%
Polkowice Górnik Polkowice
37%
Jelenia Góra Karkonosze Jelenia Góra
37%
Poznań Lech II Poznań
37%
Łódź ŁKS II Łódź
37%
Łowicz Pelikan Łowicz
37%
Nowy Targ Podhale Nowy Targ
37%
Szczecin Pogoń II Szczecin
37%
Kleczew Sokół Kleczew
37%
Lubin Zagłębie II Lubin
37%
Nieciecza Bruk-Bet Termalica Nieciecza
33%
Kartuzy Cartusia Kartuzy
33%
Warszawa Legia II Warszawa
33%
Mława Mławianka Mława
33%
Wrocław Śląsk II Wrocław
33%
Starachowice Star Starachowice
33%
Kraków Wisła II Kraków
33%
Płock Wisła II Płock
33%
Zabrze Górnik II Zabrze
30%
Kielce Korona II Kielce
30%
Legnica Miedź II Legnica
30%
Gorzów Wielkopolski Stilon Gorzów Wielkopolski
30%
Szczecin (Skolwin) Świt Skolwin
30%
Sieradz Warta Sieradz
30%
Gdańsk Gedania Gdańsk
27%
Tomaszów Mazowiecki Lechia Tomaszów Mazowiecki
27%
Środa Wielkopolska Polonia Środa Wielkopolska
27%
Wolin Vineta Wolin
27%
Połaniec Czarni Połaniec
23%
Sulejówek Victoria Sulejówek
23%
Świecie Wda Świecie
23%
Nowe Skalmierzyce Pogoń Nowe Skalmierzyce
20%
Wikielec GKS Wikielec
17%
Wiązownica KS Wiązownica
17%
Czarnków Noteć Czarnków
17%
Pawłowice Pniówek Pawłowice
17%
Świdnik Świdniczanka Świdnik
17%
Słubice Polonia Słubice
13%
Turza Śląska Unia Turza Śląska
13%
Rewal Wybrzeże Rewalskie Rewal
13%
Kórnik Kotwica Kórnik
10%
Lubartów Lewart Lubartów
10%
Katowice Podlesianka Katowice
10%
Lidzbark Warmiński Polonia Lidzbark Warmiński
10%
Skawina Wiślanie Skawina
10%
Lubaczów Pogoń Sokół-Lubaczów
7%
Nie znaleziono quizów pasujących do podanych kryteriów
Rozkład punktacji
Procent ludzi z każdym wynikiem
Percentyl według liczby udzielonych odpowiedzi
Twoja historia wyników
Nie rozwiązałeś tego quizu od ostatniego zresetowania